[Event "Helsinki-ch Seniors 65"]
[Site "Helsinki"]
[Date "2018.01.04"]
[Round "6"]
[White "Terasalo, Kari"]
[Black "Pitkanen, Juhani"]
[Result "1-0"]
[WhiteElo "1747"]
[BlackElo "1593"]
[PlyCount "44"]
[EventDate "2017.12.29"]
[EventType "tourn"]
[EventRounds "7"]
[EventCountry "FIN"]
[SourceTitle "EXT 2019"]
[Source "ChessBase"]
[SourceDate "2018.10.10"]
[SourceVersion "1"]
[SourceVersionDate "2018.10.10"]
[SourceQuality "1"]

1. Nf3 c5 2. g3 Nc6 3. Bg2 g6 4. 0-0 Bg7 5. e4 e5 6. Nc3 Nge7 7. d3 0-0 8. Bg5 h6 9. Be3 d6 10. Qd2 Kh7 11. Nh4 g5 12. Nf3 Nd4 13. Qd1 Bg4 14. Nxg5+ hxg5 15. Qxg4 Nxc2 16. Rad1 Nxe3 17. fxe3 f6 18. Bh3 Qe8 19. Nd5 Nxd5 20. exd5 Bh6 21. Bg2 Kg7 22. Be4 Rc8 1-0

[Event "Helsinki-ch Seniors 65"]
[Site "Helsinki"]
[Date "2018.01.02"]
[Round "4"]
[White "Kangas, Mauno"]
[Black "Pitkanen, Juhani"]
[Result "1-0"]
[WhiteElo "1811"]
[BlackElo "1593"]
[PlyCount "83"]
[EventDate "2017.12.29"]
[EventType "tourn"]
[EventRounds "7"]
[EventCountry "FIN"]
[SourceTitle "EXT 2019"]
[Source "ChessBase"]
[SourceDate "2018.10.10"]
[SourceVersion "1"]
[SourceVersionDate "2018.10.10"]
[SourceQuality "1"]

1. Nf3 c5 2. g3 Nc6 3. Bg2 g6 4. d3 Bg7 5. c3 e5 6. a3 d6 7. e4 Nge7 8. b4 a6 9. 0-0 0-0 10. Be3 cxb4 11. axb4 b5 12. Na3 h6 13. Nxb5 d5 14. exd5 Nxd5 15. Bc5 Re8 16. Nd6 Re6 17. Nxc8 Qxc8 18. Qb3 Qd8 19. Nd2 Nc7 20. Nc4 Rb8 21. Bh3 Rf6 22. Ne3 Bf8 23. Qc4 Bxc5 24. Qxc5 h5 25. Bg2 Rb5 26. Qc4 Ne7 27. Rfd1 Rd6 28. Nc2 Nf5 29. Be4 Ne7 30. d4 exd4 31. Rxd4 Rbb6 32. Rad1 Kg7 33. Qd3 Ne8 34. c4 Rxd4 35. Qxd4+ Qxd4 36. Rxd4 Rb8 37. Rd7 Kf8 38. Ra7 Rb6 39. c5 Re6 40. Bd3 Nc6 41. Rxa6 Nc7 42. Ra4 1-0

[Event "Chigorin Memorial 25th"]
[Site "St Petersburg"]
[Date "2017.10.24"]
[Round "4"]
[White "Pitkanen, Juhani"]
[Black "Sviridov, Leon"]
[Result "1/2-1/2"]
[WhiteElo "1657"]
[BlackElo "1427"]
[PlyCount "80"]
[EventDate "2017.10.21"]
[EventType "swiss"]
[EventRounds "9"]
[EventCountry "RUS"]
[SourceTitle "CBM 181 Extra"]
[Source "ChessBase"]
[SourceDate "2017.12.12"]
[SourceVersion "1"]
[SourceVersionDate "2017.12.12"]
[SourceQuality "1"]

1. d4 Nf6 2. Bf4 g6 3. Nc3 Bg7 4. e4 d6 5. Qd2 c6 6. Bh6 Bxh6 7. Qxh6 b5 8. a3 Qa5 9. b4 Qb6 10. Qd2 Nbd7 11. Nf3 0-0 12. Be2 a5 13. 0-0 Bb7 14. e5 Ne8 15. exd6 Nxd6 16. Bd3 Nf6 17. Rfe1 e6 18. Qf4 Nde8 19. Ne4 Nxe4 20. Bxe4 Kg7 21. Qe5+ Kg8 22. c3 Qd8 23. Nd2 Qd6 24. Qxd6 Nxd6 25. Bf3 axb4 26. axb4 Rxa1 27. Rxa1 Ra8 28. Rxa8+ Bxa8 29. Kf1 Kf8 30. Ke2 Ke7 31. Kd3 Kd7 32. Ne4 Nxe4 33. Bxe4 f5 34. Bf3 Kd6 35. h3 e5 36. dxe5+ Kxe5 37. g3 Bb7 38. Bg2 Kd6 39. Kd4 Bc8 40. h4 Be6 1/2-1/2

[Event "Chigorin Memorial 25th"]
[Site "St Petersburg"]
[Date "2017.10.23"]
[Round "3"]
[White "Shmoilov, Dmitry"]
[Black "Pitkanen, Juhani"]
[Result "1-0"]
[WhiteElo "1962"]
[BlackElo "1657"]
[PlyCount "53"]
[EventDate "2017.10.21"]
[EventType "swiss"]
[EventRounds "9"]
[EventCountry "RUS"]
[SourceTitle "CBM 181 Extra"]
[Source "ChessBase"]
[SourceDate "2017.12.12"]
[SourceVersion "1"]
[SourceVersionDate "2017.12.12"]
[SourceQuality "1"]

1. d4 Nf6 2. c4 g6 3. Nc3 Bg7 4. e4 d6 5. f3 0-0 6. Bg5 c5 7. d5 Nbd7 8. Nh3 a6 9. a4 Ne5 10. Nf2 b6 11. Be2 Qc7 12. 0-0 h6 13. Be3 Ne8 14. Qd2 Kh7 15. f4 Nd7 16. e5 f5 17. e6 Ndf6 18. g4 fxg4 19. f5 g5 20. Kh1 Kg8 21. Rg1 Nh7 22. Nxg4 Nef6 23. h4 Nxg4 24. Bxg4 Nf6 25. hxg5 Nxg4 26. gxh6 Bxc3 27. Rxg4+ 1-0

[Event "St Petersburg Summer op"]
[Site "St Petersburg"]
[Date "2016.08.24"]
[Round "8"]
[White "Zabolotnov, Evgeny"]
[Black "Pitkanen, Juhani"]
[Result "1-0"]
[WhiteElo "1994"]
[BlackElo "1676"]
[PlyCount "59"]
[EventDate "2016.08.17"]
[EventType "swiss"]
[EventRounds "9"]
[EventCountry "RUS"]
[SourceTitle "CBM 174 Extra"]
[Source "ChessBase"]
[SourceDate "2016.10.10"]
[SourceVersion "1"]
[SourceVersionDate "2016.10.10"]
[SourceQuality "1"]

1. d4 Nf6 2. c4 g6 3. Nc3 Bg7 4. e4 d6 5. f3 0-0 6. Be3 c5 7. Nge2 Nc6 8. Qd2 Nd7 9. h4 cxd4 10. Nxd4 h5 11. Be2 Nde5 12. 0-0-0 f5 13. exf5 Nxd4 14. Bxd4 Bxf5 15. g4 hxg4 16. fxg4 Nxg4 17. Bxg7 Kxg7 18. Bxg4 Bxg4 19. Qd4+ e5 20. Qxg4 Rf4 21. Qe6 Rf6 22. Qd5 Qb6 23. Qd3 Rf2 24. Rd2 Rxd2 25. Qxd2 Qc5 26. h5 Rh8 27. h6+ Kh7 28. Qg5 Qc7 29. Rf1 Qd7 30. Nd5 1-0

[Event "St Petersburg Summer op"]
[Site "St Petersburg"]
[Date "2016.08.21"]
[Round "5"]
[White "Pitkanen, Juhani"]
[Black "Krukovsky, Alexander"]
[Result "0-1"]
[WhiteElo "1676"]
[BlackElo "2024"]
[PlyCount "62"]
[EventDate "2016.08.17"]
[EventType "swiss"]
[EventRounds "9"]
[EventCountry "RUS"]
[SourceTitle "CBM 174 Extra"]
[Source "ChessBase"]
[SourceDate "2016.10.10"]
[SourceVersion "1"]
[SourceVersionDate "2016.10.10"]
[SourceQuality "1"]

1. d4 Nf6 2. Bf4 c5 3. e3 Qb6 4. Nc3 d6 5. dxc5 Qxc5 6. Nf3 g6 7. Bb5+ Bd7 8. Bxd7+ Nbxd7 9. Ne2 Bg7 10. c3 0-0 11. 0-0 b5 12. Nfd4 Rfc8 13. Rc1 Qb6 14. Bg3 Rab8 15. Rc2 Qa6 16. a3 Qb6 17. h3 Rb7 18. Bh2 Rbc7 19. Qb1 a5 20. Rfc1 Qa6 21. b4 a4 22. Nf3 Nb6 23. Nd2 Nc4 24. Nxc4 Rxc4 25. Qb2 R8c7 26. Kf1 Ne4 27. Bg1 Qc8 28. Nd4 Bxd4 29. exd4 Rxc3 30. Rxc3 Rxc3 31. Rxc3 Qxc3 0-1

[Event "St Petersburg Summer op"]
[Site "St Petersburg"]
[Date "2016.08.19"]
[Round "3"]
[White "Nordquelle, Amelia"]
[Black "Pitkanen, Juhani"]
[Result "0-1"]
[WhiteElo "1153"]
[BlackElo "1676"]
[PlyCount "48"]
[EventDate "2016.08.17"]
[EventType "swiss"]
[EventRounds "9"]
[EventCountry "RUS"]
[SourceTitle "CBM 174 Extra"]
[Source "ChessBase"]
[SourceDate "2016.10.10"]
[SourceVersion "1"]
[SourceVersionDate "2016.10.10"]
[SourceQuality "1"]

1. e4 c5 2. Nf3 e6 3. c4 Nc6 4. Nc3 g6 5. d3 d6 6. Be2 Bg7 7. Bd2 Nge7 8. 0-0 0-0 9. Re1 a6 10. Rb1 Rb8 11. a4 Nd4 12. Qc1 Nec6 13. Na2 Nb3 14. Qd1 Ncd4 15. Be3 Bd7 16. Bxd4 Nxd4 17. Bf1 b5 18. e5 Nxf3+ 19. Qxf3 Bxe5 20. axb5 axb5 21. cxb5 Bxb5 22. g3 Qa5 23. Nc3 Bxc3 24. bxc3 Qxc3 0-1

[Event "Naantali Avoin op"]
[Site "Naantali"]
[Date "2016.07.10"]
[Round "9"]
[White "Pitkanen, Juhani"]
[Black "Louhi, Tapio"]
[Result "1-0"]
[WhiteElo "1728"]
[BlackElo "1665"]
[PlyCount "52"]
[EventDate "2016.07.04"]
[EventType "swiss"]
[EventRounds "9"]
[EventCountry "FIN"]
[SourceTitle "EXT 2017"]
[Source "ChessBase"]
[SourceDate "2016.10.25"]
[SourceVersion "1"]
[SourceVersionDate "2016.10.25"]
[SourceQuality "1"]

1. d4 Nf6 2. Bf4 d5 3. Nf3 c5 4. e3 Nc6 5. c3 c4 6. Nbd2 Bg4 7. Be2 Bxf3 8. Bxf3 h6 9. h3 e6 10. e4 Qb6 11. Qc2 g5 12. Bh2 0-0-0 13. exd5 Nxd5 14. Nxc4 Qa6 15. Be2 b5 16. Ne5 Qb7 17. Rc1 Nxe5 18. Bxe5 f6 19. Bh2 Nf4 20. Bf3 Nxg2+ 21. Ke2 Qa6 22. Bxg2 Qxa2 23. Qe4 Qa6 24. Ra1 Qb6 25. Qa8+ Kd7 26. Rxa7+ Ke8 1-0

[Event "Naantali Avoin op"]
[Site "Naantali"]
[Date "2016.07.04"]
[Round "1"]
[White "Haanpaa, Jorma"]
[Black "Pitkanen, Juhani"]
[Result "1-0"]
[WhiteElo "2021"]
[BlackElo "1728"]
[PlyCount "45"]
[EventDate "2016.07.04"]
[EventType "swiss"]
[EventRounds "9"]
[EventCountry "FIN"]
[SourceTitle "EXT 2017"]
[Source "ChessBase"]
[SourceDate "2016.10.25"]
[SourceVersion "1"]
[SourceVersionDate "2016.10.25"]
[SourceQuality "1"]

1. e4 c5 2. Nf3 e6 3. c3 d5 4. exd5 Qxd5 5. Na3 Nc6 6. d4 Nf6 7. Bg5 cxd4 8. Nb5 Qd7 9. Bxf6 gxf6 10. Nbxd4 Nxd4 11. Nxd4 a6 12. Bd3 Qd5 13. 0-0 b5 14. Re1 Bb7 15. Be4 Qd7 16. Qf3 Bxe4 17. Rxe4 Qd5 18. Rae1 Be7 19. Nxe6 fxe6 20. Rxe6 Qxf3 21. Rxe7+ Kd8 22. gxf3 Rg8+ 23. Kf1 1-0

[Event "Chigorin Memorial 22nd"]
[Site "St Petersburg"]
[Date "2014.10.22"]
[Round "5"]
[White "Ladzin, Ivan"]
[Black "Pitkanen, Juhani"]
[Result "1-0"]
[WhiteElo "1961"]
[BlackElo "1736"]
[PlyCount "35"]
[EventDate "2014.10.18"]
[EventType "swiss"]
[EventRounds "9"]
[EventCountry "RUS"]
[SourceTitle "EXT 2015"]
[Source "ChessBase"]
[SourceDate "2014.11.20"]
[SourceVersion "1"]
[SourceVersionDate "2014.11.20"]
[SourceQuality "1"]

1. d4 Nf6 2. c4 g6 3. Nc3 Bg7 4. e4 d6 5. f3 0-0 6. Be3 c5 7. Nge2 Nbd7 8. Qd2 a6 9. Ng3 h5 10. h4 cxd4 11. Bxd4 Nc5 12. Be2 Nfd7 13. Bxg7 Kxg7 14. f4 e6 15. 0-0-0 Qf6 16. b4 Na4 17. Nxa4 Qa1+ 18. Kc2 1-0

[Event "Marianske Lazne op 13th"]
[Site "Marianske Lazne"]
[Date "2014.01.22"]
[Round "6"]
[White "Horyna, Josef"]
[Black "Pitkanen, Juhani"]
[Result "0-1"]
[WhiteElo "1877"]
[BlackElo "1760"]
[PlyCount "110"]
[EventDate "2014.01.18"]
[EventType "swiss"]
[EventRounds "9"]
[EventCountry "CZE"]
[SourceTitle "CBM 158 Extra"]
[Source "ChessBase"]
[SourceDate "2014.02.28"]
[SourceVersion "1"]
[SourceVersionDate "2014.02.28"]
[SourceQuality "1"]

1. d4 Nf6 2. Nf3 g6 3. Bf4 Bg7 4. c3 d6 5. h3 b6 6. e3 Bb7 7. Nbd2 c5 8. dxc5 bxc5 9. Be2 0-0 10. Qb3 Qb6 11. 0-0 Nbd7 12. Nc4 Qc7 13. Qa3 Nb6 14. Na5 Bc8 15. c4 Bd7 16. Ne1 Na4 17. b4 cxb4 18. Qxb4 Rab8 19. Qa3 Qxa5 20. Nd3 Qc3 21. Qxc3 Nxc3 22. Rfe1 Nxe2+ 23. Rxe2 Ne4 24. Rc1 Rbc8 25. f3 Nc5 26. Nb4 Be6 27. e4 a5 28. Nd5 Bxd5 29. cxd5 Nd3 30. Rxc8 Rxc8 31. Be3 Nb4 32. Bb6 a4 33. Kf2 Rc2 34. Rxc2 Nxc2 35. Ba5 Bb2 36. Ke2 Ba3 37. Kd3 Nb4+ 38. Kc4 Nxa2 39. Kb5 Nc1 40. Kxa4 Bc5 41. Kb5 Ne2 42. Bd2 Nd4+ 43. Kc4 Ne2 44. e5 Kg7 45. Bg5 f6 46. exf6+ exf6 47. Bd2 Bg1 48. Kb5 Kf7 49. Kc6 Ke7 50. Bb4 Bh2 51. Be1 Nf4 52. g3 Nxh3 53. f4 Nxf4 54. Bb4 Nxd5 55. Kxd5 Bxg3 0-1

[Event "Chigorin Memorial 21st"]
[Site "St Petersburg"]
[Date "2013.10.06"]
[Round "2"]
[White "Pitkanen, Juhani"]
[Black "Utkin, Vladimir"]
[Result "0-1"]
[WhiteElo "1744"]
[BlackElo "2025"]
[PlyCount "86"]
[EventDate "2013.10.05"]
[EventType "swiss"]
[EventRounds "9"]
[EventCountry "RUS"]
[SourceTitle "CBM 156 Extra"]
[Source "ChessBase"]
[SourceDate "2013.10.22"]
[SourceVersion "1"]
[SourceVersionDate "2013.10.22"]
[SourceQuality "1"]

1. d4 d5 2. c4 c6 3. Nc3 Nf6 4. Nf3 e6 5. e3 Nbd7 6. Qc2 Bd6 7. b3 0-0 8. Be2 dxc4 9. bxc4 e5 10. 0-0 Re8 11. Bb2 exd4 12. Nxd4 Nc5 13. Rad1 Qc7 14. h3 Be5 15. Nb3 Nce4 16. Nxe4 Nxe4 17. Bxe5 Qxe5 18. Nd4 g6 19. Bd3 Nc5 20. Be2 Qg5 21. Nf3 Qf6 22. Rd4 Bf5 23. Qc1 Ne4 24. Nd2 c5 25. Nxe4 Bxe4 26. Rd2 Qg5 27. g3 Bc6 28. Qc2 Rxe3 29. Bg4 Re7 30. Rfd1 Rae8 31. Rd8 Re1+ 32. Rxe1 Rxd8 33. Rd1 Rd4 34. Rxd4 cxd4 35. Be2 Qe5 36. Qd1 Qe4 37. f3 Qe3+ 38. Kg2 h5 39. Qd3 Bxf3+ 40. Kf1 Bxe2+ 41. Qxe2 Qxg3 42. Qe8+ Kg7 43. Qxf7+ Kxf7 0-1

[Event "FIN-ch op"]
[Site "Naantali"]
[Date "2013.07.06"]
[Round "8.17"]
[White "Pitkanen, Juhani"]
[Black "Valkama, Arvo"]
[Result "1/2-1/2"]
[WhiteElo "1760"]
[BlackElo "1414"]
[PlyCount "42"]
[EventDate "2013.07.01"]
[EventType "swiss"]
[EventRounds "9"]
[EventCountry "FIN"]
[SourceTitle "EXT 2022"]
[Source "ChessBase"]
[SourceDate "2021.10.06"]
[SourceVersion "1"]
[SourceVersionDate "2021.10.06"]
[SourceQuality "1"]

1. d4 Nf6 2. c4 e6 3. Nc3 d5 4. cxd5 exd5 5. Bg5 Be7 6. e3 0-0 7. Bd3 c6 8. Qc2 h6 9. Bf4 Bd6 10. Nge2 Bg4 11. Bxd6 Qxd6 12. h3 Bxe2 13. Qxe2 Nbd7 14. g4 Rae8 15. h4 Ne4 16. g5 f5 17. gxh6 Qxh6 18. 0-0-0 Nxc3 19. bxc3 f4 20. Rde1 fxe3 21. fxe3 Nf6 1/2-1/2

[Event "FIN-ch op"]
[Site "Naantali"]
[Date "2013.07.05"]
[Round "7"]
[White "Kaveniemi, Kari"]
[Black "Pitkanen, Juhani"]
[Result "1/2-1/2"]
[WhiteElo "1996"]
[BlackElo "1760"]
[PlyCount "36"]
[EventDate "2013.07.01"]
[EventType "swiss"]
[EventRounds "9"]
[EventCountry "FIN"]
[SourceTitle "EXT 2014"]
[Source "ChessBase"]
[SourceDate "2013.11.20"]
[SourceVersion "1"]
[SourceVersionDate "2013.11.20"]
[SourceQuality "1"]

1. e4 c5 2. Nc3 e6 3. f4 d5 4. e5 Nc6 5. Nf3 Nge7 6. Be2 Nf5 7. 0-0 Be7 8. Bb5 0-0 9. Bxc6 bxc6 10. d3 Ba6 11. g4 Nd4 12. Ne2 Nxe2+ 13. Qxe2 c4 14. d4 c5 15. c3 cxd4 16. Nxd4 Bc5 17. Be3 Qb6 18. Rf3 Rab8 1/2-1/2

[Event "FIN-ch Seniors"]
[Site "Mantta"]
[Date "2013.06.13"]
[Round "2.6"]
[White "Pitkanen, Juhani"]
[Black "Pursiainen, Erkki"]
[Result "0-1"]
[WhiteElo "1767"]
[BlackElo "1909"]
[PlyCount "98"]
[EventDate "2013.06.13"]
[EventType "swiss"]
[EventRounds "7"]
[EventCountry "FIN"]
[SourceTitle "EXT 2022"]
[Source "ChessBase"]
[SourceDate "2021.10.06"]
[SourceVersion "1"]
[SourceVersionDate "2021.10.06"]
[SourceQuality "1"]

1. d4 Nf6 2. c4 c5 3. d5 g6 4. Nc3 Bg7 5. e4 d6 6. f3 0-0 7. Be3 Nbd7 8. Nge2 a6 9. a4 Qc7 10. Ng3 e6 11. Be2 e5 12. Qd2 Ne8 13. Bd3 f6 14. 0-0 Rf7 15. Nge2 Rb8 16. g4 Nf8 17. Ng3 Bh8 18. Nce2 Qd8 19. Kg2 b6 20. h3 Bd7 21. Nc3 Qc8 22. Qe2 h5 23. Nh1 Rh7 24. Nf2 Ng7 25. Rh1 g5 26. Rh2 Rb7 27. Rah1 Ng6 28. Kg3 Qe8 29. Kg2 Bxa4 30. Nxa4 Qxa4 31. Bc2 Qe8 32. Ra1 a5 33. Ba4 Qd8 34. Bc6 Rb8 35. b3 Ne7 36. Bb5 Ng6 37. Bc6 Qf8 38. Qd2 hxg4 39. Nxg4 Nh4+ 40. Kf2 f5 41. Nxe5 fxe4 42. Nd7 Qxf3+ 43. Ke1 Ngf5 44. Bxg5 Bxa1 45. Bf6 e3 46. Qc2 Qg3+ 47. Kf1 Rf7 48. Qe2 Qf4+ 49. Ke1 Nf3+ 0-1

[Event "Chigorin Memorial 20th"]
[Site "St Petersburg"]
[Date "2012.10.29"]
[Round "3"]
[White "Zhilchikov, Nikolay"]
[Black "Pitkanen, Juhani"]
[Result "1-0"]
[WhiteElo "2077"]
[BlackElo "1763"]
[PlyCount "83"]
[EventDate "2012.10.27"]
[EventType "swiss"]
[EventRounds "9"]
[EventCountry "RUS"]
[SourceTitle "EXT 2013"]
[Source "ChessBase"]
[SourceDate "2012.11.22"]
[SourceVersion "1"]
[SourceVersionDate "2012.11.22"]
[SourceQuality "1"]

1. d4 Nf6 2. c4 g6 3. Nc3 Bg7 4. Nf3 d6 5. Bg5 h6 6. Bh4 g5 7. Bg3 Nh5 8. e3 Nd7 9. Bd3 Nxg3 10. hxg3 e5 11. Qc2 exd4 12. exd4 Nf6 13. 0-0-0 Bg4 14. Rde1+ Kf8 15. Nd2 d5 16. c5 Qd7 17. f3 Be6 18. f4 gxf4 19. gxf4 Bg4 20. Nf3 Bxf3 21. gxf3 Re8 22. Bf5 Qc6 23. Re5 h5 24. Rhe1 Bh6 25. Kb1 Bxf4 26. Rxe8+ Nxe8 27. Qe2 Kg7 28. Bc2 Nf6 29. Ba4 Qe6 30. Qg2+ Kf8 31. Rxe6 fxe6 32. Ne2 Be3 33. a3 h4 34. Qh3 Kf7 35. Bc2 Rh5 36. f4 Bf2 37. Qg2 Bg3 38. Nxg3 hxg3 39. Qxg3 Rh1+ 40. Ka2 Rh6 41. Qg5 Ng8 42. f5 1-0

[Event "EU-ch Seniors 12th"]
[Site "Kaunas"]
[Date "2012.08.25"]
[Round "8"]
[White "Pitkanen, Juhani"]
[Black "Auvinen, Esa"]
[Result "0-1"]
[WhiteElo "1761"]
[BlackElo "1958"]
[PlyCount "68"]
[EventDate "2012.08.18"]
[EventType "swiss"]
[EventRounds "9"]
[EventCountry "LTU"]
[SourceTitle "CBM 150 Extra"]
[Source "ChessBase"]
[SourceDate "2012.10.19"]
[SourceVersion "1"]
[SourceVersionDate "2012.10.19"]
[SourceQuality "1"]

1. d4 Nf6 2. c4 e6 3. Nc3 d5 4. Nf3 Be7 5. Bf4 a6 6. e3 0-0 7. c5 b6 8. b4 c6 9. Bd3 a5 10. a3 Ba6 11. 0-0 Bxd3 12. Qxd3 Nbd7 13. h3 b5 14. Rfc1 Qc8 15. Ne5 Nxe5 16. Bxe5 Qa6 17. Qb1 Qb7 18. Qc2 Ra6 19. Ra2 Rfa8 20. Rca1 R8a7 21. f3 Qa8 22. Bg3 Nd7 23. f4 f5 24. Be1 Nf6 25. Nb1 Bd8 26. Qb3 axb4 27. Bxb4 Ne4 28. Qb2 Ra4 29. Nc3 Nxc3 30. Qxc3 Ba5 31. Rb1 Bxb4 32. Rxb4 Rxa3 33. Rxa3 Rxa3 34. Qd2 Qa5 0-1

[Event "EU-ch Seniors 12th"]
[Site "Kaunas"]
[Date "2012.08.23"]
[Round "6"]
[White "Pitkanen, Juhani"]
[Black "Belokopyt, Boris Khaimovich"]
[Result "0-1"]
[WhiteElo "1761"]
[BlackElo "2002"]
[PlyCount "52"]
[EventDate "2012.08.18"]
[EventType "swiss"]
[EventRounds "9"]
[EventCountry "LTU"]
[SourceTitle "CBM 150 Extra"]
[Source "ChessBase"]
[SourceDate "2012.10.19"]
[SourceVersion "1"]
[SourceVersionDate "2012.10.19"]
[SourceQuality "1"]

1. d4 Nf6 2. c4 g6 3. f3 Bg7 4. e4 d6 5. Nc3 0-0 6. Nge2 Nbd7 7. Ng3 e5 8. d5 a5 9. Be3 b6 10. Be2 Nc5 11. a4 Bd7 12. 0-0 h5 13. Nh1 Nh7 14. Nf2 Bf6 15. g4 Bg5 16. Bxc5 bxc5 17. Qd3 Bf4 18. Nh3 Bh6 19. Nd1 Rb8 20. b3 Qh4 21. Ndf2 Ng5 22. f4 Nxh3+ 23. Nxh3 hxg4 24. Nf2 Bxf4 25. Nxg4 Bxg4 26. Rxf4 exf4 0-1

[Event "EU-ch Seniors 12th"]
[Site "Kaunas"]
[Date "2012.08.19"]
[Round "2"]
[White "Pitkanen, Juhani"]
[Black "Andersson, Finn"]
[Result "1/2-1/2"]
[WhiteElo "1761"]
[BlackElo "1995"]
[PlyCount "35"]
[EventDate "2012.08.18"]
[EventType "swiss"]
[EventRounds "9"]
[EventCountry "LTU"]
[SourceTitle "CBM 150 Extra"]
[Source "ChessBase"]
[SourceDate "2012.10.19"]
[SourceVersion "1"]
[SourceVersionDate "2012.10.19"]
[SourceQuality "1"]

1. d4 d5 2. c4 dxc4 3. e3 Nf6 4. Bxc4 e6 5. Nf3 Bb4+ 6. Bd2 Qe7 7. 0-0 0-0 8. Qe2 Nbd7 9. Rd1 Bxd2 10. Nbxd2 c5 11. Rac1 b6 12. dxc5 Nxc5 13. b4 Nce4 14. Nxe4 Nxe4 15. a3 Bb7 16. Bb5 Rac8 17. Rxc8 Bxc8 18. Qd3 1/2-1/2

[Event "FIN-ch Seniors"]
[Site "Helsinki"]
[Date "2012.06.16"]
[Round "6"]
[White "Haanpaa, Jorma"]
[Black "Pitkanen, Juhani"]
[Result "1-0"]
[WhiteElo "2018"]
[BlackElo "1724"]
[PlyCount "67"]
[EventDate "2012.06.11"]
[EventType "swiss"]
[EventRounds "11"]
[EventCountry "FIN"]
[SourceTitle "EXT 2022"]
[Source "ChessBase"]
[SourceDate "2021.10.06"]
[SourceVersion "1"]
[SourceVersionDate "2021.10.06"]
[SourceQuality "1"]

1. e4 c5 2. Nf3 e6 3. c3 Nf6 4. Bd3 c4 5. Bxc4 Nxe4 6. d4 d5 7. Bd3 Nf6 8. 0-0 Be7 9. Ne5 0-0 10. f4 Nfd7 11. Nd2 f5 12. g4 Nxe5 13. fxe5 f4 14. Qc2 h6 15. Bh7+ Kh8 16. Bg6 Bd7 17. Nf3 Be8 18. Ne1 Bg5 19. h4 Bxh4 20. Bxf4 Bg5 21. Ng2 Nd7 22. Bxe8 Qxe8 23. Bxg5 hxg5 24. Kh2 Rxf1 25. Rxf1 Nf8 26. Rf3 Kg8 27. c4 Rc8 28. c5 a6 29. b4 Qe7 30. a4 Qd7 31. Qb3 Ng6 32. b5 axb5 33. Qxb5 Nf8 34. Rxf8+ 1-0

[Event "FIN-ch Seniors"]
[Site "Helsinki"]
[Date "2012.06.14"]
[Round "4"]
[White "Laitinen, Martti"]
[Black "Pitkanen, Juhani"]
[Result "0-1"]
[WhiteElo "1802"]
[BlackElo "1724"]
[PlyCount "116"]
[EventDate "2012.06.11"]
[EventType "swiss"]
[EventRounds "11"]
[EventCountry "FIN"]
[SourceTitle "EXT 2022"]
[Source "ChessBase"]
[SourceDate "2021.10.06"]
[SourceVersion "1"]
[SourceVersionDate "2021.10.06"]
[SourceQuality "1"]

1. d4 Nf6 2. c4 g6 3. Nc3 Bg7 4. e4 d6 5. Nf3 0-0 6. Be2 Na6 7. 0-0 e5 8. Bg5 h6 9. Bh4 g5 10. Bg3 Nh5 11. dxe5 Nxg3 12. hxg3 dxe5 13. Qc2 c6 14. Rad1 Qe7 15. a3 Nc5 16. b4 Ne6 17. c5 Nd4 18. Nxd4 exd4 19. Nb1 f5 20. Bc4+ Kh8 21. Bd3 f4 22. gxf4 Rxf4 23. g3 Rf8 24. Nd2 Qf7 25. Qc4 Be6 26. Qc2 Bh3 27. Bc4 Qf6 28. e5 Qxe5 29. Rfe1 Qf6 30. Ne4 Qf3 31. Bf1 Bxf1 32. Rxf1 Qxa3 33. Qc4 Qf3 34. Nd6 b6 35. Rd3 Qf6 36. f4 bxc5 37. bxc5 Rab8 38. Rdf3 g4 39. R3f2 Rbd8 40. Ne4 Qf7 41. Qd3 Qf5 42. Rh2 Kg8 43. Rh4 Rfe8 44. Qc4+ Qd5 45. Qxd5+ Rxd5 46. Nf2 h5 47. Nd1 d3 48. f5 Bf6 49. Rxh5 Ree5 50. Rf4 Re1+ 51. Kg2 Rxd1 52. Rxg4+ Kf8 53. Rg6 Bd4 54. Rxc6 Rg1+ 55. Kh2 Rxc5 56. Rh8+ Bxh8 57. Rxc5 d2 58. Rc8+ Kg7 0-1